| 000 | 00518nam a2200205Ia 4500 | ||
|---|---|---|---|
| 003 | OSt | ||
| 005 | 20260122125351.0 | ||
| 020 | _a0-697-22570-4 | ||
| 040 | _cLC | ||
| 050 |
_aQH 308.2 .R 38 1996 _b1 |
||
| 100 | _aRAVEN, PETER H | ||
| 245 | 0 | _aBIOLOGY | |
| 250 | _a4 | ||
| 260 |
_aDUBUQUE, IA BOGOTA BOSTON, _bWM. C. BROWN PUBLISHERS, _c1996, |
||
| 300 | _aXXXii, 1310 P, ILL | ||
| 500 | _aINCLUDES BIBLIOGRAPHICAL REFERENCES AND INDEX | ||
| 650 | _a Biology | ||
| 700 | _aJOHNSON GEORGE B | ||
| 942 |
_cBK _2lcc |
||
| 999 |
_c191597 _d191597 |
||